| 000 | 00645nam a2200157 i 4500 | ||
|---|---|---|---|
| 001 | 68762 | ||
| 003 | ES-MaACL | ||
| 005 | 20230906170345.0 | ||
| 007 | t| | ||
| 008 | 040707s1858 sp ||||1| spa d | ||
| 245 | 0 | 0 | _aEscalafón de antigüedad de los catedráticos de las Universidades del Reino, según el lugar que corresponde a cada uno de ellos en el día de la fecha. |
| 260 |
_aMadrid : _b[s.n.], _c1858 ( _fImpr. del Colegio de Sordomudos y de Ciegos) |
||
| 300 |
_a16 p. ; _c21 cm. |
||
| 650 | 4 |
_aProfesores universitarios- _zEspaña- _vEscalafones. _9145019 |
|
| 852 |
_aES-MaACL _jT-361-F-3 _z.- En port.: sello de "Los Escolares Médicos" |
||
| 999 |
_c68762 _d68762 |
||